The Edinburgh companion to Scottish women's writing /

Bibliographic Details
Corporate Author: ebrary, Inc
Other Authors: Norquay, Glenda, 1958-
Format: eBook
Language:English
Published: Edinburgh : Edinburgh University Press, 2012.
Subjects:
Online Access:Connect to the full text of this electronic book

MARC

Tag First Indicator Second Indicator Subfields
LEADER 00000cam a2200000Ia 4500
001 in00002781063
006 m d
007 cr cn|||||||||
008 120528s2012 stk fo 000 0 eng d
005 20250816212425.3
020 |z 0748644318 (pbk.) 
020 |z 0748644326 (hbk.) 
020 |z 9780748644315 (pbk.) 
020 |z 9780748644322 (hbk.) 
020 |z 9780748644452 
035 |a (CaPaEBR)ebr10580535 
040 |a CaPaEBR  |c CaPaEBR  |d UtOrBLW 
050 1 4 |a PR8533  |b .E35 2012eb 
082 0 4 |a 820.9'9287'09411  |2 23 
245 0 4 |a The Edinburgh companion to Scottish women's writing /  |c edited by Glenda Norquay. 
264 1 |a Edinburgh :  |b Edinburgh University Press,  |c 2012. 
300 |a 1 online resource (ix, 206 pages)  
336 |a text  |b txt  |2 rdacontent 
337 |a computer  |b c  |2 rdamedia 
338 |a online resource  |b cr  |2 rdacarrier 
500 |a Electronic resource. 
650 0 |a Scottish literature  |x Women authors. 
650 0 |a English literature  |x Scottish authors  |x History and criticism. 
655 7 |a Electronic books.  |2 local 
700 1 |a Norquay, Glenda,  |d 1958- 
710 2 |a ebrary, Inc. 
856 4 0 |u https://ebookcentral.proquest.com/lib/tamucs/detail.action?docID=976896  |y Connect to the full text of this electronic book  |t 0 
980 |a 120814  |b 75  |c USD  |e 75  |f YBP_EBR0000040323  |g 1 
999 f f |s a2c0d5fc-8467-3a1d-b9da-29d543524aaf  |i 3af2b17a-57fe-39ff-9542-6f698d180093  |t 0 
999 |a MARS 
952 f f |a Texas A&M University  |b College Station  |c Electronic Resources  |d Available Online  |t 0  |e PR8533 .E35 2012eb  |h Library of Congress classification 
998 f f |a PR8533 .E35 2012eb  |t 0  |l Available Online